Văn học về người lính /
Bewaard in:
| Hoofdauteur: | |
|---|---|
| Formaat: | Sách giấy |
| Taal: | Vietnamese |
| Gepubliceerd in: |
H. :
Quân đội nhân dân,
2003
|
| Onderwerpen: | |
| Tags: |
Voeg label toe
Geen labels, Wees de eerste die dit record labelt!
|
| Thư viện lưu trữ: | Thư viện Trường Đại học Đà Lạt |
|---|
| LEADER | 00796nam a2200325 4500 | ||
|---|---|---|---|
| 001 | DLU040026330 | ||
| 005 | ##20040318 | ||
| 040 | # | # | |a DLU |b vie |
| 041 | # | # | |a vie |
| 044 | # | # | |a vn |
| 082 | # | # | |a 895.922 080 35 |b NG-T |
| 100 | # | # | |a Ngô Thảo |
| 245 | # | # | |a Văn học về người lính / |c Ngô Thảo |
| 260 | # | # | |a H. : |b Quân đội nhân dân, |c 2003 |
| 300 | # | # | |a 364 tr. ; |c 20 cm |
| 653 | # | # | |a Nghiên cứu văn học |
| 653 | # | # | |a Nguyễn Minh Châu, 1930-1989 |
| 653 | # | # | |a Nguyễn Thi, 1928-1968 |
| 653 | # | # | |a Văn học cách mạng |
| 923 | # | # | |a 04/2004 |
| 992 | # | # | |a 49000 |
| 994 | # | # | |a DLU |
| 900 | # | # | |a True |
| 911 | # | # | |a Nguyễn Thị Tố Hạnh |
| 925 | # | # | |a G |
| 926 | # | # | |a A |
| 927 | # | # | |a SH |
| 980 | # | # | |a Thư viện Trường Đại học Đà Lạt |